书目信息 |
| 题名: |
中国名关
|
|
| 作者: | 罗哲文 , 窦忠如 著 | |
| 分册: | ||
| 出版信息: | 天津 百花文艺出版社 2010.01 |
|
| 页数: | 155页 | |
| 开本: | 24cm | |
| 丛书名: | ||
| 单 册: | ||
| 中图分类: | K928.77 | |
| 科图分类: | ||
| 主题词: | 关隘--guan ai--中国--通俗读物 | |
| 电子资源: | ||
| ISBN: | 978-7-5306-5224-4 | |
| 000 | 00807nam0 2200241 450 | |
| 001 | 012010613737 | |
| 005 | 20101109165832.36 | |
| 010 | @a978-7-5306-5224-4@dCNY26.00 | |
| 100 | @a20101107d2010 em y0chiy0120 ea | |
| 101 | 0 | @achi |
| 102 | @aCN@b120000 | |
| 105 | @aa z 000yy | |
| 106 | @ar | |
| 200 | 1 | @a中国名关@Azhong guo ming guan@f罗哲文, 窦忠如著@Fluo zhe wen,dou zhong ru zhu |
| 210 | @a天津@c百花文艺出版社@d2010.01 | |
| 215 | @a155页@c图@d24cm | |
| 330 | @a本书共六部分。主要内容包括:长城雄关、华北地区、华东地区、中南地区、西南地区、西北地区。本书内容丰富,可读性强。 | |
| 606 | 0 | @a关隘@Aguan ai@y中国@j通俗读物 |
| 690 | @aK928.77@v4 | |
| 701 | 0 | @a罗哲文@Aluo zhe wen@4著 |
| 701 | 0 | @a窦忠如@Adou zhong ru@4著 |
| 801 | 0 | @aCN@bQSSK@c20101109 |
| 905 | @b788165-67@dK928.77@eL977@f3 | |
| 中国名关/罗哲文, 窦忠如著.-天津:百花文艺出版社,2010.01 |
| 155页:图;24cm |
| ISBN 978-7-5306-5224-4:CNY26.00 |
| 本书共六部分。主要内容包括:长城雄关、华北地区、华东地区、中南地区、西南地区、西北地区。本书内容丰富,可读性强。 |
| ● |
| 相关链接 |
|
|
|
正题名:中国名关
索取号:K928.77/L977
 
预约/预借
| 序号 | 登录号 | 条形码 | 馆藏地/架位号 | 状态 | 备注 |
| 1 | 788165 | 207881657 | 社科库309/309社科库 20排1列1层/ [索取号:K928.77/L977] | 在馆 | |
| 2 | 788166 | 207881666 | 社科库309/309社科库 20排1列1层/ [索取号:K928.77/L977] | 在馆 | |
| 3 | 788167 | 207881675 | 社科库309/309社科库 20排1列1层/ [索取号:K928.77/L977] | 在馆 |